Moments... : the making of Claire of the Moon /

Na minha lista:
Detalhes bibliográficos
Formato: Slides
Idioma:inglês
Publicado em: [USA] : Gran Bretagna : Demi-monde productions ; Wolfe video [distributore], c1996
Tags: Adicionar Tag
Sem tags, seja o primeiro a adicionar uma tag!

MARC

LEADER 00000ngm a22000007i 4500
001 IT\ICCU\UBO\2323005
003 ItRI
005 20260124182916.0
008 080318s1996 xxk|||||||||||||||k|||||c
028 4 2 |a VFB17079 
028 4 2 |a WOL2060 
040 |b ita 
041 7 |a eng  |2 ISO-639-2 
245 0 0 |a Moments... :  |b the making of Claire of the Moon /  |c produced by Demi-Monde productions. 
260 |a [USA] :  |b Demi-monde productions ;  |a Gran Bretagna :  |b Wolfe video [distributore],  |c c1996 
300 |a 1 videocassetta (VHS) (85 min.) :  |b color., son 
500 |a Tit. del contenitore 
500 |a Vietato ai minori di 18 anni. 
942 |2 ddc  |c VM  |n 0 
952 |0 0  |1 0  |4 0  |6 VO_508_000000000000000  |7 0  |9 27906  |a BO  |b BO  |d 2026-01-24  |i 7086  |l 0  |o VO 508  |p BO7086  |r 2026-01-24 18:29:16  |w 2026-01-24  |x [Sebina 5] [1 videocassetta]  |y VM  |z 1 videocassetta 
999 |c 23659  |d 23659